La tragedia d'Antigona / (Record no. 171396)

MARC details
000 -LEADER
campo de control de longitud fija 00519nam a22001575i 4500
001 - NÚMERO DE CONTROL
campo de control 171396
003 - IDENTIFICADOR DE NÚMERO DE CONTROL
campo de control ES-MaACL
005 - FECHA Y HORA DE LA ÚLTIMA TRANSACCIÓN
campo de control 20230906214624.0
008 - DATOS DE LONGITUD FIJA--INFORMACIÓN GENERAL
campo de control de longitud fija 090513s1962 sp |||| | cat d
100 1# - ENTRADA PRINCIPAL--NOMBRE DE PERSONA
Nombre de persona Sófocles.
9 (RLIN) 107023
245 13 - MENCIÓN DEL TÍTULO
Título La tragedia d'Antigona /
Mención de responsabilidad, etc. adaptació i arranjement de l'obra de Sofocles original de Joan Povill i Adserà.
260 ## - PUBLICACIÓN, DISTRIBUCIÓN, ETC.
Lugar de publicación, distribución, etc. Barcelona :
Nombre del editor, distribuidor, etc. Millà,
Fecha de publicación, distribución, etc. 1962.
300 ## - DESCRIPCIÓN FÍSICA
Extensión 45 p., 4 lám. ;
Dimensiones 18 cm.
700 1# - ENTRADA AGREGADA--NOMBRE PERSONAL
Nombre de persona Povill i Adserà, Joan.
9 (RLIN) 140117
852 ## - LOCALIZACIÓN
Ubicación ES-MaACL
Número de control de estantería C-30541
itemnumber R.70050
Holdings
Estatus retirado Estado de pérdida Estado de daño No para préstamo Biblioteca de origen Biblioteca actual Ubicación en estantería Fecha de adquisición Fuente de adquisición Total de préstamos Signatura topográfica completa Código de barras Visto por última vez Precio de reemplazo Tipo de ítem Koha
        Biblioteca del Ateneo de Madrid Biblioteca del Ateneo de Madrid Depósito 2 13/05/2009     C-30541 1179871 23/02/2023 23/02/2023 Libro impreso